Jump between Country Centroids - Statistics

General Stats
  • This quiz has been taken 174 times
  • The average score is 126 of 196
Answer Stats
D (km) COUNTRY % Correct
5,371 New Zealand . F
100%
2,647 Fiji . V
96%
710 Kiribati . M..
96%
1,205 Nauru . K
96%
1,241 Solomon Islands . N
96%
880 Vanuatu . S..
96%
1,005 Marshall Islands . F..
95%
1,155 Brunei . M
91%
1,330 East Timor . A
91%
626 Indonesia . E..
91%
396 Malaysia . I
91%
2,112 Papua New Guinea . P
91%
1,325 Philippines . B
91%
1,260 Cambodia . V
89%
332 Laos . T
89%
1,937 Palau . P
89%
4,477 Singapore . C
89%
473 Thailand . B
89%
466 Vietnam . L
89%
534 Afghanistan . T
87%
2,095 Australia . S
87%
706 Bangladesh . B
87%
397 Bhutan . N
87%
823 Burma . B
87%
738 India . P
87%
639 Nepal . I
87%
1,281 Pakistan . A
87%
445 Bahrain . Q
85%
159 Burundi . T
85%
708 Djibouti . E
85%
476 Ethiopia . E
85%
1,099 Federated States of Micronesia . P..
85%
871 Iran . K
85%
939 Kazakhstan . U
85%
743 Kuwait . B
85%
448 Kyrgyzstan . K
85%
790 Malawi . M
85%
392 Oman . Y
85%
123 Qatar . U..
85%
454 Rwanda . B
85%
638 South Sudan . U
85%
979 Sudan . S..
85%
697 Tajikistan . K
85%
632 Tanzania . M
85%
434 Turkmenistan . I
85%
800 Uganda . R
85%
345 United Arab Emirates . O
85%
782 Uzbekistan . T
85%
1,018 Yemen . D
85%
744 Eritrea . S
84%
437 Mozambique . Z
84%
1,079 Angola . D..
80%
629 Benin . T
80%
1,058 Botswana . N
80%
591 Burkina Faso . N
80%
837 Cameroon . N
80%
993 Central African Republic . K
80%
1,013 Chad . C..
80%
477 Cote d'Ivoire . L
80%
1,237 Democratic Republic of the Congo . R..
80%
304 Equatorial Guinea . S..
80%
373 Gabon . E..
80%
168 Gambia . S
80%
247 Ghana . C..
80%
472 Guinea-Bissau . G
80%
225 Guinea . G..
80%
433 Liberia . S..
80%
783 Mali . B..
80%
781 Mauritania . M
80%
675 Namibia . A
80%
1,325 Niger . C
80%
669 Nigeria . B
80%
965 Republic of the Congo . G
80%
393 Sao Tome and Principe . C
80%
159 Senegal . M
80%
357 Sierra Leone . G
80%
193 Togo . G
80%
655 Zambia . B
80%
630 Zimbabwe . Z
80%
2,046 Kenya . S
78%
1,510 Comoros . M
76%
853 Madagascar . M
76%
1,116 Mauritius . S
76%
1,587 Seychelles . C
76%
1,089 Somalia . S
76%
465 Lesotho . S..
67%
319 South Africa . E
67%
2,727 Swaziland . L
67%
240 Armenia . A
65%
221 Azerbaijan . I
65%
492 Cyprus . T
65%
6,158 Egypt . I
65%
793 Georgia . A
65%
881 Iraq . S..
65%
750 Israel . J
65%
175 Jordan . L
65%
308 Lebanon . S
65%
279 Syria . C
65%
479 Turkey . G
65%
2,658 Greece . M
64%
1,001 Saudi Arabia . G
64%
171 Austria . C..
62%
240 Bosnia and Herzegovina . C
62%
148 Croatia . S
62%
258 Czech Republic . S
62%
175 Hungary . R
62%
134 Kosovo . M
62%
280 Macedonia . K
62%
128 Montenegro . S
62%
187 Serbia . B..
62%
325 Slovakia . H
62%
170 Slovenia . A
62%
450 Romania . M
60%
550 Belarus . L
58%
185 Belgium . L
58%
1,300 Denmark . N
58%
204 Estonia . F
58%
646 Finland . S
58%
181 Latvia . E
58%
444 Liechtenstein . S
58%
336 Lithuania . L
58%
143 Luxembourg . G
58%
303 Moldova . U
58%
512 Netherlands . B
58%
529 Norway . D
58%
511 Sweden . N
58%
96 Switzerland . M
58%
298 Ukraine . B
58%
335 Germany . L
56%
405 Italy . V..
56%
353 Monaco . I
56%
226 San Marino . A
56%
109 Vatican City . S..
56%
711 Albania . B
51%
459 Bulgaria . P
51%
458 Andorra . S
49%
1,374 France . A
49%
381 Portugal . M
49%
470 Spain . P
49%
1,123 Poland . F
47%
885 Morocco . A
45%
953 Algeria . T
44%
1,433 Iceland . C
44%
364 Ireland . I
44%
1,038 Libya . U..
44%
482 Malta . L
44%
932 Tunisia . M
44%
3,439 United Kingdom . I
44%
886 Argentina . C
42%
240 Belize . H
42%
1,342 Bolivia . P
42%
3,311 Brazil . S
42%
3,806 Canada . U..
42%
542 Chile . B
42%
936 Colombia . E
42%
331 Costa Rica . P
42%
836 Ecuador . P
42%
267 El Salvador . N
42%
1,558 Guatemala . B
42%
348 Guyana . T..
42%
343 Honduras . E..
42%
2,564 Mexico . G
42%
422 Nicaragua . C..
42%
471 Panama . C
42%
971 Paraguay . U
42%
964 Peru . B
42%
1,679 Suriname . G
42%
690 Trinidad and Tobago . G
42%
1,937 United States . M
42%
1,096 Uruguay . A
42%
187 Antigua and Barbuda . S..
40%
174 Dominica . A..
40%
192 Grenada . S..
40%
105 Saint Kitts and Nevis . B
40%
74 Saint Lucia . D
40%
135 Saint Vincent and the Grenadines . S..
40%
576 Barbados . V
38%
1,397 Dominican Republic . H
35%
228 Haiti . J
35%
499 Jamaica . C
35%
970 Venezuela . D..
35%
402 Bahamas . C..
33%
425 Cuba . B
33%
1,141 China . N..
31%
2,068 North Korea . S..
31%
975 Japan . T
29%
1,702 Mongolia . C
29%
412 South Korea . J
29%
2,256 Taiwan . S..
29%
5,483 Cape Verde . R
27%
9,962 Russia . M
27%
1,223 Samoa . T
25%
764 Tonga
25%
11,720 Tuvalu . S
25%
995 Maldives . T
22%
4,633 Sri Lanka . M
22%
No matching quizzes found
Score Distribution
Percent of People with Each Score
Percentile by Number Answered
Your Score History
You have not taken this quiz